Statistics for History by Letter #2 - F

Click here to take the quiz!

General Stats

  • This quiz has been taken 1,182 times
  • The average score is 12 of 20

Answer Stats

HintAnswer% Correct
European Country that was ruled by Louis XVI from 1754-1793France
96%
American industrialist, founder of a Motor Company, introduced the Model T carHenry Ford
94%
Patron Saint of Italy, who the current pope is named afterFrancis of Assisi
93%
Period of hunger after harvests fail, Ireland experienced one due to lack of potatoesFamine
87%
Adolf Hitlers title, German for LeaderFührer
86%
Country that fought the Winter War with the Soviet UnionFinland
83%
Inventor of the Mercury Thermometer, a unit of temperature is named after himDaniel Gabriel Fahrenheit
82%
Spanish Dictator from 1939 to 1975 who started the Spanish Civil WarFrancisco Franco
81%
American Author who wrote The Great GatsbyF. Scott Fitzgerald
76%
King of Aragon who established the infamous Spanish InquisitionFerdinand II
65%
Public Square of Ancient Roman Cities that served as marketplace, among othersForum
58%
Group of Germanic Tribes that gave their name to a modern-day countryFranks
58%
Italian Renaissance Mathematician famous for his sequenceFibonacci
53%
Fertile strip of land in Egypt and Mesopotamia where the oldest civilizations roseFertile Crescent
44%
Colony of France that consisted of what is now Vietnam, Cambodia, and LaosFrench Indochina
40%
Norse Goddess of Love and BeautyFreyja
39%
The last Whig President of the USMillard Fillmore
30%
The only member of Anne Frank's family who survived WWIIOtto Frank
18%
Islamic Caliphate ruled by caliphs that descended from Fatima, Muhammad's daughterFatimid Caliphate
13%
Captain of the HMS Beagle during Charles Darwin's famous voyageRobert Fitzroy
5%

Score Distribution

Percentile by Number Answered

Percent of People with Each Score

Your Score History

You have not taken this quiz